LEADER 01127nam2-2200397---450- 001 990002930910203316 005 20070523163158.0 010 $a0-415-20297-3 035 $a000293091 035 $aUSA01000293091 035 $a(ALEPH)000293091USA01 035 $a000293091 100 $a20070523d2000----km-y0itay50------ba 101 $aeng 102 $aGB 105 $a||||||||001yy 200 1 $a<<2.>> : Ladakhi to zuni$fGeorge L. Campbell 205 $a2. ed. 210 $aLondon [etc.]$cRoutledge$d2000 215 $aP. 932-1854$d24 cm. 410 0$12001 454 1$12001 461 1$1001000293087$12001$aCompendium of the world's languages 606 0 $aLingue$xClassificazione 676 $a403 700 1$aCAMPBELL,$bGeorge L.$0162800 801 0$aIT$bsalbc$gISBD 912 $a990002930910203316 951 $aIV.2. 1877/2$b194770 L.M.$cIV.2.$d00160074 959 $aBK 969 $aUMA 979 $aRIVELLI$b90$c20070523$lUSA01$h1631 979 $aRIVELLI$b90$c20070523$lUSA01$h1631 979 $aFIORELLA$b90$c20080319$lUSA01$h1628 996 $aLadakhi to zuni$91030433 997 $aUNISA LEADER 03783nam 22005171 450 001 9910960658103321 005 20200514202323.0 010 $a9781474261685 010 $a147426168X 010 $a9781474261661 010 $a1474261663 024 7 $a10.5040/9781474261685 035 $a(CKB)4340000000021479 035 $a(MiAaPQ)EBC4756800 035 $a(OCoLC)965377629 035 $a(UtOrBLW)bpp09261921 035 $a(UtOrBLW)BP9781474261685BC 035 $a(Perlego)808495 035 $a(EXLCZ)994340000000021479 100 $a20180619d2017 uy 0 101 0 $aeng 135 $aurcnu|||||||| 181 $2rdacontent 182 $2rdamedia 183 $2rdacarrier 200 10$aHope, utopia and creativity in higher education $epedagogical tactics for alternative futures /$fCraig A. Hammond 210 1$aLondon ;$aNew York :$cBloomsbury Academic, An imprint of Bloomsbury Publishing Plc,$d2017. 215 $ax, 208 p 320 $aIncludes bibliographical references (pages 195-202) and index. 327 $aAcknowledgements -- 1. Introduction: Critical Pedagogies - Horizons of Possibility -- Part I: Tactics: Conceptualising Hope, Utopia & Creativity -- 2. Ernst Bloch, Hope and Utopia: The Stuff of Possibility -- 3. Roland Barthes: Punctum! The Death of the Author -- 4. Gaston Bachelard: Poetics, Space & Daydreaming -- Part II: Pedagogical Strategies for Creative Possibilities -- 5. De?rive and De?tournement: Pedagogical Strategies for Creative Engagement -- 6. Bye Bye Badman: The Redemption of Hope through Popular Culture -- 7. The Wisdom of the Crowd: Liberating Creativity -- Part III: Learner Stories, Reflections and Projections -- 8. A Garland of Rhythms -- 9. Encounters, Stories, Connections -- 10. Beyond the Trace: Reflections from Past Learners -- 11. Conclsion Elpis -- Eidos - Elpeidetics: Hopeful Visions? -- Appendix 1: Student Contact Emails -- Appendix 2: Student Information, Questionnaire and Permissions -- Bibliography -- Index 330 $a"Develops a theoretical and practical framework for a mainstream higher education utopian pedagogy"--$cProvided by publisher. 330 $a"Reappraising ideas associated with Ernst Bloch, Roland Barthes and Gaston Bachelard within the context of a utopian pedagogy, Hope, Utopia and Creativity in Higher Education reframes the transformative, creative and collaborative potential of education offering new concepts, tactics and pedagogical possibilities. Craig A. Hammond explores ways of analysing and democratising not only pedagogical conception, knowledge and delivery, but also the learning experience, and processes of negotiation and peer-assessment. Hammond shows how the incorporation of already existent learner hopes, daydreams, and creative possibilities can open up new opportunities for thinking about popular culture and memory, learning and knowledge, and collaborative communities of supportraits Drawing together theoretical and cultural material in a teaching and learning environment of empowerment, Hammond illustrates that formative articulations of alternative, utopian futures, across sociological, humanities, and education studies subjects and curricula, becomes possible."--$cProvided by publisher. 606 $aEducation, Higher$xAims and objectives 606 $aEducation, Higher$xPhilosophy 606 $2Higher & further education, tertiary education 615 0$aEducation, Higher$xAims and objectives. 615 0$aEducation, Higher$xPhilosophy. 676 $a371.001 700 $aHammond$b Craig A.$01868977 801 0$bUtOrBLW 801 1$bUtOrBLW 801 2$bUkLoBP 906 $aBOOK 912 $a9910960658103321 996 $aHope, utopia and creativity in higher education$94477113 997 $aUNINA